Southville International School and Colleges
Your cart is empty.
  • Cart
  • Lists
    Public lists list_1 View all
    Your lists Log in to create your own lists
  • Log in to your account
  • Your cookies
  • Search history
Southville International School and Colleges
  • Advanced search
  • Recent comments
  • Most popular
  • Libraries

Log in to your account

Log in with GOOGLE


If you do not have an external account, but do have a local account, you can still log in:

  1. Home
  2. MARC view: AMLS :
Normal view MARC view ISBD view

AMLS : (Record no. 358340)

[ view plain ]
MARC details
000 -LEADER
fixed length control field 00656nam a2200193Ia 4500
003 - CONTROL NUMBER IDENTIFIER
control field SISC
005 - DATE AND TIME OF LATEST TRANSACTION
control field 20190124095124.0
008 - FIXED-LENGTH DATA ELEMENTS--GENERAL INFORMATION
fixed length control field 180815s9999 xx 000 0 und d
020 ## - INTERNATIONAL STANDARD BOOK NUMBER
International Standard Book Number 9781284040920
100 ## - MAIN ENTRY--PERSONAL NAME
Personal name National Association of Emergency Medical Technicians.
245 ## - TITLE STATEMENT
Statement of responsibility, etc National Association of Emergency Medical Techcians.--
Title AMLS :
Remainder of title advanced medical lifes support /
250 ## - EDITION STATEMENT
Edition statement 2nd ed
260 ## - PUBLICATION, DISTRIBUTION, ETC. (IMPRINT)
Place of publication, distribution, etc USA :
Name of publisher, distributor, etc Jones and Bartlett Learning
Date of publication, distribution, etc 2017
300 ## - PHYSICAL DESCRIPTION
Extent xx, 466 pages.
500 ## - GENERAL NOTE
General note an assesment-based approach.
650 ## - SUBJECT ADDED ENTRY--TOPICAL TERM
Topical term or geographic name as entry element Advanced trauma life support care -- methods.
650 ## - SUBJECT ADDED ENTRY--TOPICAL TERM
Topical term or geographic name as entry element Emergency medical services.
942 ## - ADDED ENTRY ELEMENTS (KOHA)
Source of classification or shelving scheme Library of Congress Classification
Koha item type Books
Holdings
Withdrawn status Lost status Damaged status Home library Current library Shelving location Date acquired Source of acquisition Total Checkouts Full call number Barcode Date last seen Date checked out Price effective from Koha item type
      College Library College Library Reserve Section 08/15/2018 Library Fund 1 RA 645.5 .N227 2017 C21597 01/14/2021 10/16/2019 08/15/2018 Books

AMLS :

APA

National Association of Emergency Medical Technicians, . (2017). AMLS. USA: Jones and Bartlett Learning.

Chicago

National Association of Emergency Medical Technicians, . 2017. AMLS. USA: Jones and Bartlett Learning.

Harvard

National Association of Emergency Medical Technicians, . (2017). AMLS. USA: Jones and Bartlett Learning.

MLA

National Association of Emergency Medical Technicians, . AMLS. USA: Jones and Bartlett Learning. 2017.

  • Place hold
  • Print
  • Cite
  • Add to your cart (remove)
  • Save record
    BIBTEX Dublin Core MARCXML MARC (non-Unicode/MARC-8) MARC (Unicode/UTF-8) MARC (Unicode/UTF-8, Standard) MODS (XML) RIS
  • More searches
    Search for this title in:
    Other Libraries (WorldCat) Other Databases (Google Scholar) Online Stores (Bookfinder.com) Open Library (openlibrary.org)

Exporting to Dublin Core...

SOUTHVILLE LIBRARY

Southville International School and Colleges Library

1281 Tropical Ave. Cor. Luxembourg St., BF Homes International, Las Pinas City

Tel. No. 8256374 / 252358 Loc. 117/146

Powered by Koha